| 000 | 01230cad a22002175a 4500 | ||
|---|---|---|---|
| 001 | L149310 | ||
| 008 | 090720s2009 xxk 000 0 eng u | ||
| 035 | _a(Sirsi) u149310 | ||
| 041 | 0 | _aeng | |
| 100 | 1 | _aWilkinson, Sara J | |
| 245 | 0 | 2 |
_aA greener city _bsustainability through commercial building refurbishment in the Melbourne CBD _h[electronic resource] |
| 260 | _c2010 | ||
| 490 | 4 |
_aThe Journal _bRICS Building Surveying Journal _vMarch/April 2010, 14-16(3) |
|
| 520 | _aMelbourne aims to be carbon neutral by 2020 and is being proactive by setting a target to sustainably refurbish 1,200 commercial buildings. With an estimated AUD$267bn of new commercial property to be built before 2018, the performance gap between new and existing Australian stock will widen further. The 423million m2 of existing stock is ageing and because new stock will be sustainable, the rate of ageing will increase. | ||
| 590 | _aKA | ||
| 651 | 4 | _aAustralia | |
| 690 | _aBUILT ENVIRONMENT-SUSTAINABLE CONSTRUCTION | ||
| 690 | _aENVIRONMENTAL AND LAND CONSULTANCY-SUSTAINABILITY | ||
| 856 | 4 | 1 |
_uhttps://www.rics.org/site/download_feed.aspx?fileID=5880&fileExtension=PDF _zView this item (member-only access) at www.rics.org |
| 942 | _n0 | ||
| 999 |
_c82127 _d82127 |
||